00401 2200157 4500001002100000008004100021035002000062245005600082100001900138250000600157260003200163084001400195082000800209650001400217990001200231INLIS000000000001533 ind  a0010-0125000031 aBuku Pintar Hukum Bisnis Pasar ModalcIswi Hariyani aHariyani, Iswi a1 aJakarta :bVisi Mediac2010 a330 ISW b a330 aNon Fiksi a0715282